000 00263nam a22001097a 4500
082 _a621.89 PIN'T
100 _aPINKS, D,STERNLICHT, B
_980346
245 _aTHEORY OF HYDRAULIC LUBRICATION
260 _aNEWYORK
_bMCGRAW HILL
_c1961
300 _a465P
942 _cBK
999 _c585298
_d585298